[Event "AUTO-ADV-4042"]
[Site "http://www.queenalice.com/game.php?id=1534776"]
[Date "2018.7.14"]
[Round "1"]
[White "rodracena"]
[Black "DrHanibalChesster"]
[Result "0-1"]
[WhiteElo "1803"]
[BlackElo "1805"]

1. c4 c5 2. d3 d6 3. Nc3 Nf6 4. Nf3 g6 5. g3 Bg7 6. Bg2 O-O 7. O-O a6 8. Bd2 Qc7
9. Re1 Nc6 10. e3 b6 11. d4 cxd4 12. exd4 Re8 13. d5 Nb8 14. Rc1 Bb7 15. b3 Nbd7
16. Re2 e5 0-1

[Event "AUTO-ADV-4042"]
[Site "http://www.queenalice.com/game.php?id=1534777"]
[Date "2018.7.14"]
[Round "1"]
[White "DrHanibalChesster"]
[Black "rodracena"]
[Result "1-0"]
[WhiteElo "1821"]
[BlackElo "1787"]

1. d4 d5 2. c4 c6 3. c5 Nd7 4. Nf3 g6 5. e3 Bg7 6. Be2 e5 7. O-O Ne7 8. b4 exd4
9. Nxd4 O-O 10. Nc3 Re8 11. Bb2 b6 12. cxb6 axb6 13. a3 Bb7 14. Rc1 c5 15. bxc5
bxc5 16. Ndb5 1-0

[Event "AUTO-ADV-4042"]
[Site "http://www.queenalice.com/game.php?id=1534788"]
[Date "2018.7.14"]
[Round "1"]
[White "od_xavier"]
[Black "DrHanibalChesster"]
[Result "1-0"]
[WhiteElo "1658"]
[BlackElo "1545"]

1. c4 c5 2. Nf3 d6 3. d4 cxd4 4. Nxd4 Nf6 5. Nc3 g6 6. f3 Bg7 7. e4 O-O 8. h3 a6
9. b3 Nc6 10. Be3 Bd7 11. f4 e5 12. fxe5 dxe5 13. Nxc6 Bxc6 14. Qxd8 Raxd8 15.
Be2 Nxe4 16. Nxe4 Bxe4 17. Rg1 1-0

[Event "AUTO-ADV-4042"]
[Site "http://www.queenalice.com/game.php?id=1534789"]
[Date "2018.7.14"]
[Round "1"]
[White "DrHanibalChesster"]
[Black "od_xavier"]
[Result "0-1"]
[WhiteElo "1587"]
[BlackElo "1616"]

1. d4 Nf6 2. Nf3 e6 3. g3 h6 4. Bg2 d6 5. O-O g6 6. e3 Nc6 7. c4 a6 8. b3 g5 9.
Bb2 a5 10. Nc3 Nb4 11. a3 Na6 12. d5 c6 13. dxc6 bxc6 14. Nd4 Bd7 15. Nxc6 Bxc6
16. Bxc6+ Nd7 17. Bxa8 Qxa8 0-1

[Event "AUTO-ADV-4042"]
[Site "http://www.queenalice.com/game.php?id=1534794"]
[Date "2018.7.14"]
[Round "1"]
[White "marcoswerneck"]
[Black "DrHanibalChesster"]
[Result "1-0"]
[WhiteElo "1808"]
[BlackElo "1788"]

1. e4 c5 2. Nf3 d6 3. d4 cxd4 4. Nxd4 a6 5. Nc3 Nf6 6. Bg5 e6 7. Bc4 Be7 8. Qf3
h6 9. Be3 O-O 10. h4 Qc7 11. Bb3 Nc6 12. g4 Nh7 13. g5 hxg5 14. h5 Ne5 15. Qe2
Kh8 16. h6 g6 17. O-O-O f6 18. Bxe6 Re8 19. f4 gxf4 20. Bxf4 Nc6 21. Bf7 Nxd4
22. Rxd4 Rf8 23. Bxg6 Rg8 24. Rg1 Ng5 25. Bf5 Bxf5 26. exf5 Rae8 27. Nd5 Qd8 28.
Qh5 Nh7 29. Rdd1 1-0

[Event "AUTO-ADV-4042"]
[Site "http://www.queenalice.com/game.php?id=1534795"]
[Date "2018.7.14"]
[Round "1"]
[White "DrHanibalChesster"]
[Black "marcoswerneck"]
[Result "0-1"]
[WhiteElo "1822"]
[BlackElo "1853"]

1. d4 d5 2. c4 Nc6 3. cxd5 Qxd5 4. Nf3 Bg4 5. Nc3 Qd6 6. e3 e6 7. Be2 O-O-O 8.
O-O f6 9. Nd2 Bf5 10. Nb5 Qd7 11. b3 Bb4 12. Ba3 Bxa3 13. Nxa3 Nge7 14. Bf3 h5
15. Bxh5 g5 16. h3 g4 17. Bxg4 Bxg4 18. hxg4 e5 19. Nc2 exd4 20. Nxd4 Rh6 21. f3
Rdh8 22. Kf2 Nxd4 23. exd4 Qxd4+ 24. Kg3 Nf5+ 25. gxf5 Qh4# 0-1

[Event "AUTO-ADV-4043"]
[Site "http://www.queenalice.com/game.php?id=1535145"]
[Date "2018.7.17"]
[Round "1"]
[White "marcoswerneck"]
[Black "DrHanibalChesster"]
[Result "1-0"]
[WhiteElo "1837"]
[BlackElo "1759"]

1. e4 c5 2. d4 cxd4 3. Qxd4 Nc6 4. Qd3 d6 5. Qb5 Qa5+ 6. Qxa5 Nxa5 7. Bd2 Nc6 8.
Nc3 Bd7 9. O-O-O Nf6 10. Nf3 g6 11. h3 Bg7 12. g4 O-O 13. a3 Rfc8 14. g5 Ne8 15.
h4 Bg4 16. Be2 Bxf3 17. Bxf3 Nd4 18. Bg4 e6 19. f3 f5 20. gxf6 Nxf6 21. Be3 Nxg4
22. Bxd4 Rd8 23. Bxg7 Nf2 24. Bf6 Rf8 25. e5 Nxd1 26. Rxd1 dxe5 27. Bxe5 Rxf3
28. Kb1 Raf8 29. Ka2 1-0

[Event "AUTO-ADV-4043"]
[Site "http://www.queenalice.com/game.php?id=1535146"]
[Date "2018.7.17"]
[Round "1"]
[White "DrHanibalChesster"]
[Black "marcoswerneck"]
[Result "0-1"]
[WhiteElo "1773"]
[BlackElo "1823"]

1. d4 d5 2. c4 Nc6 3. cxd5 Qxd5 4. Nf3 Bg4 5. Nc3 Qd7 6. e3 Bxf3 7. Qxf3 e6 8.
Bb5 Nf6 9. Bxc6 bxc6 10. O-O Bd6 11. Ne4 Nxe4 12. Qxe4 O-O 13. Bd2 e5 14. dxe5
Bxe5 15. Qxe5 Qxd2 16. b3 Qd6 17. Qc3 c5 18. Rfd1 Qe6 19. Qxc5 h6 20. Qxc7 a5
21. Qc2 Rac8 22. Qb2 Qf5 23. Rd2 Ra8 24. Rad1 a4 25. bxa4 Rxa4 26. Qc2 Qxc2 27.
Rxc2 g6 28. Ra1 h5 0-1

[Event "AUTO-ADV-4043"]
[Site "http://www.queenalice.com/game.php?id=1535157"]
[Date "2018.7.17"]
[Round "1"]
[White "balu"]
[Black "DrHanibalChesster"]
[Result "1-0"]
[WhiteElo "1869"]
[BlackElo "1687"]

1. e4 c5 2. Bc4 d6 3. Nf3 Bg4 4. h3 Bxf3 5. Qxf3 e6 6. c3 Nc6 7. d3 Nf6 8. Bg5
Be7 9. Bb5 Qc7 10. O-O O-O 11. Nd2 a6 12. Bxc6 Qxc6 13. e5 Qxf3 14. Nxf3 Nd5 15.
c4 Bxg5 16. cxd5 exd5 17. Nxg5 dxe5 18. a4 f6 19. Ne6 Rfc8 20. Rac1 b6 21. b4
1-0

[Event "AUTO-ADV-4043"]
[Site "http://www.queenalice.com/game.php?id=1535158"]
[Date "2018.7.17"]
[Round "1"]
[White "DrHanibalChesster"]
[Black "balu"]
[Result "0-1"]
[WhiteElo "1717"]
[BlackElo "1839"]

1. d4 d5 2. c4 Nf6 3. cxd5 Qxd5 4. Nc3 Qd8 5. Nf3 Nc6 6. g3 Bf5 7. Bg2 Nb4 8. e4
Bxe4 9. Nxe4 Nxe4 10. Qa4+ Nc6 11. O-O f5 12. Ne5 Qd6 13. Nxc6 Qxc6 14. Qxc6+
bxc6 15. Be3 e6 16. Bxe4 fxe4 17. Rfc1 Bd6 18. Rxc6 O-O 19. a3 h6 20. b4 a6 0-1

[Event "AUTO-ADV-4043"]
[Site "http://www.queenalice.com/game.php?id=1535163"]
[Date "2018.7.17"]
[Round "1"]
[White "yasseryack"]
[Black "DrHanibalChesster"]
[Result "1-0"]
[WhiteElo "1856"]
[BlackElo "1592"]

1. f4 d6 2. d3 c5 3. Nc3 Nf6 4. Nf3 g6 5. g3 Bg7 6. Bg2 O-O 7. O-O Nc6 8. Bd2
Qd7 9. Ng5 Nd4 10. e4 h6 11. Bh3 Qd8 12. Bxc8 Qxc8 13. Nf3 Nxf3+ 14. Qxf3 Qh3
15. Nd5 Nxd5 16. exd5 Bxb2 17. Rae1 Bd4+ 18. Kh1 Qd7 19. c3 Bg7 20. Re3 Rfe8 21.
Rfe1 Rac8 22. Re4 Bf6 23. f5 g5 24. Qg4 Kg7 25. h4 Rh8 26. Kg2 h5 27. Qf3 1-0

[Event "AUTO-ADV-4043"]
[Site "http://www.queenalice.com/game.php?id=1535164"]
[Date "2018.7.17"]
[Round "1"]
[White "DrHanibalChesster"]
[Black "yasseryack"]
[Result "0-1"]
[WhiteElo "1836"]
[BlackElo "1896"]

1. d4 d6 2. Nf3 c6 3. e3 Nf6 4. Be2 Nbd7 5. O-O g6 6. b3 Bg7 7. Bb2 O-O 8. c4 c5
9. Qc2 d5 10. cxd5 Nxd5 11. Nc3 Nb4 12. Qd1 cxd4 13. Nxd4 e5 14. Nf3 e4 15. Nd2
Nc5 16. Qc1 Bf5 17. Rd1 Qg5 18. f3 Bh3 19. Bf1 Qxe3+ 20. Kh1 Nbd3 21. Bxd3 Nxd3
22. Nf1 Bxg2+ 0-1

[Event "AUTO-ADV-4047"]
[Site "http://www.queenalice.com/game.php?id=1535943"]
[Date "2018.7.24"]
[Round "1"]
[White "altair"]
[Black "DrHanibalChesster"]
[Result "1-0"]
[WhiteElo "1728"]
[BlackElo "1505"]

1. e4 c5 2. c4 d6 3. d3 Nf6 4. h3 g6 5. Nf3 Bg7 6. Nc3 O-O 7. Be2 a6 8. O-O Bd7
9. a3 b5 10. cxb5 Bxb5 11. Nxb5 axb5 12. e5 Nd5 13. Ng5 Bxe5 14. f4 Bf6 15. Ne4
Bg7 16. Rb1 b4 17. a4 1-0

[Event "AUTO-ADV-4047"]
[Site "http://www.queenalice.com/game.php?id=1535944"]
[Date "2018.7.24"]
[Round "1"]
[White "DrHanibalChesster"]
[Black "altair"]
[Result "0-1"]
[WhiteElo "1498"]
[BlackElo "1735"]

1. d4 d5 2. c4 e6 3. cxd5 exd5 4. Nf3 h6 5. g3 f6 6. Bg2 c6 7. O-O g5 8. e3 g4
9. Nfd2 h5 10. f4 f5 11. b3 Na6 12. Bb2 Bd7 13. Nc3 h4 14. Rf2 hxg3 15. hxg3 Nb4
16. Ndb1 Nf6 0-1

[Event "AUTO-ADV-4047"]
[Site "http://www.queenalice.com/game.php?id=1535959"]
[Date "2018.7.24"]
[Round "1"]
[White "balu"]
[Black "DrHanibalChesster"]
[Result "1-0"]
[WhiteElo "1850"]
[BlackElo "1706"]

1. e4 c5 2. Bc4 d6 3. Nc3 Nf6 4. Nf3 g6 5. Ng5 e6 6. d3 Bg7 7. Bd2 O-O 8. a4 Nc6
9. O-O Ne5 10. a5 Nxc4 11. dxc4 b6 12. a6 Nd7 13. Bf4 e5 14. Be3 h6 15. Nf3 Nf6
16. h3 Bd7 17. Nb5 Nxe4 18. Nxd6 1-0

[Event "AUTO-ADV-4047"]
[Site "http://www.queenalice.com/game.php?id=1535960"]
[Date "2018.7.24"]
[Round "1"]
[White "DrHanibalChesster"]
[Black "balu"]
[Result "0-1"]
[WhiteElo "1696"]
[BlackElo "1860"]

1. d4 d5 2. c4 dxc4 3. e3 Nf6 4. Bxc4 Bf5 5. Nf3 e6 6. O-O Nc6 7. Nc3 Bd6 8. a3
Ne4 9. Nxe4 Bxe4 10. Bd3 Bxf3 11. Qxf3 Ne5 12. dxe5 Bxe5 13. Rb1 Qxd3 14. Ra1
O-O 15. Qd1 Qxd1 16. Rxd1 c5 17. Rb1 a5 18. Bd2 b6 0-1

[Event "AUTO-ADV-4047"]
[Site "http://www.queenalice.com/game.php?id=1535969"]
[Date "2018.7.24"]
[Round "1"]
[White "Alex_ac"]
[Black "DrHanibalChesster"]
[Result "1-0"]
[WhiteElo "1838"]
[BlackElo "1638"]

1. c4 c5 2. e3 d6 3. h3 Nf6 4. Nc3 g6 5. d4 cxd4 6. exd4 Bg7 7. Nf3 O-O 8. Be2
Nbd7 9. O-O b6 10. Nd5 Nxd5 11. cxd5 Bb7 12. Bc4 Nf6 13. Rb1 Bxd5 14. b3 Bxc4
15. bxc4 1-0

[Event "AUTO-ADV-4047"]
[Site "http://www.queenalice.com/game.php?id=1535970"]
[Date "2018.7.24"]
[Round "1"]
[White "DrHanibalChesster"]
[Black "Alex_ac"]
[Result "0-1"]
[WhiteElo "1626"]
[BlackElo "1846"]

1. d4 d5 2. c4 e6 3. cxd5 Bb4+ 4. Nc3 Bxc3+ 5. bxc3 h6 6. dxe6 Bxe6 7. Nf3 Nf6
8. e3 a6 9. g3 O-O 10. Bg2 Nbd7 11. O-O Ne4 12. Bb2 Ndf6 13. Ne5 c5 14. dxc5
Qxd1 15. Raxd1 Nxc5 16. a3 Ng4 0-1

[Event "AUTO-ADV-4052"]
[Site "http://www.queenalice.com/game.php?id=1537342"]
[Date "2018.8.2"]
[Round "1"]
[White "kanibal"]
[Black "DrHanibalChesster"]
[Result "1-0"]
[WhiteElo "1716"]
[BlackElo "1606"]

1. d4 d5 2. Nf3 e6 3. Nc3 Nf6 4. a4 g6 5. Ne5 Bg7 6. Bg5 O-O 7. e3 Qd6 8. Bb5 c6
9. Bd3 Nfd7 10. O-O f6 11. Nxd7 Nxd7 12. Bf4 e5 13. Bg3 Qe7 14. f4 e4 15. Be2
1-0

[Event "AUTO-ADV-4052"]
[Site "http://www.queenalice.com/game.php?id=1537343"]
[Date "2018.8.2"]
[Round "1"]
[White "DrHanibalChesster"]
[Black "kanibal"]
[Result "0-1"]
[WhiteElo "1619"]
[BlackElo "1703"]

1. d4 d5 2. c4 dxc4 3. e3 b5 4. Nc3 a6 5. a4 Bd7 6. axb5 Bxb5 7. Nxb5 Nd7 8. Nc3
Nb6 9. Nf3 e6 10. Ne5 Qd6 11. Nxc4 Nxc4 12. Bxc4 Nf6 13. O-O Be7 14. Qe2 O-O 0-1

[Event "AUTO-ADV-4052"]
[Site "http://www.queenalice.com/game.php?id=1537354"]
[Date "2018.8.2"]
[Round "1"]
[White "Canaye"]
[Black "DrHanibalChesster"]
[Result "1-0"]
[WhiteElo "1775"]
[BlackElo "1746"]

1. d4 d5 2. c4 dxc4 3. e3 e6 4. Bxc4 Qe7 5. Ne2 Qb4+ 6. Nbc3 Bd7 7. Qb3 Qxb3 8.
Bxb3 Nf6 9. O-O Be7 10. Rd1 O-O 11. e4 Bc6 12. Bc2 Nbd7 13. e5 Nd5 14. a3 Nxc3
15. Nxc3 Nb6 16. b3 Nd5 17. Ne4 Rad8 18. b4 Nb6 19. Be3 Nd5 20. Bc1 Nb6 21. Bb2
Bxe4 22. Bxe4 c6 23. Rac1 Na4 24. Ba1 Rd7 25. h3 Rfd8 26. Bc2 Nb6 27. Be4 1-0

[Event "AUTO-ADV-4052"]
[Site "http://www.queenalice.com/game.php?id=1537355"]
[Date "2018.8.2"]
[Round "1"]
[White "DrHanibalChesster"]
[Black "Canaye"]
[Result "0-1"]
[WhiteElo "1731"]
[BlackElo "1790"]

1. d4 e6 2. Nf3 d5 3. g3 c5 4. dxc5 Bxc5 5. e3 Nc6 6. a3 Nge7 7. Bg2 Qb6 8. O-O
e5 9. b4 Bd6 10. Bb2 Bg4 11. h3 Bh5 12. g4 Bg6 13. Nbd2 f5 14. c4 fxg4 15. hxg4
h5 16. c5 Bxc5 17. Bxe5 Nxe5 18. Nxe5 h4 19. bxc5 Qxc5 20. Nxg6 Nxg6 21. Nb3 Qc7
22. Qxd5 Rd8 23. Qxb7 Qxb7 24. Bxb7 h3 25. Kh2 Ne5 26. f3 Rb8 0-1

[Event "AUTO-ADV-4052"]
[Site "http://www.queenalice.com/game.php?id=1537362"]
[Date "2018.8.2"]
[Round "1"]
[White "DrHanibalChesster"]
[Black "niclep"]
[Result "0-1"]
[WhiteElo "1806"]
[BlackElo "1966"]

1. d4 d5 2. c4 c6 3. cxd5 cxd5 4. Nf3 h6 5. g3 Bf5 6. Nc3 e6 7. Bg2 a6 8. O-O
Bd6 9. e3 Nf6 10. a3 O-O 11. b4 Bg4 12. h3 Bxf3 13. Bxf3 Qd7 14. Bg2 Qc7 15. Bb2
Nbd7 16. Rc1 Qd8 17. Rc2 b5 18. Ne2 Nb6 19. Nc1 Nc4 20. Nd3 Nxb2 21. Nxb2 Nh7
0-1

[Event "AUTO-ADV-4052"]
[Site "http://www.queenalice.com/game.php?id=1537363"]
[Date "2018.8.2"]
[Round "1"]
[White "niclep"]
[Black "DrHanibalChesster"]
[Result "1-0"]
[WhiteElo "1956"]
[BlackElo "1816"]

1. e4 c5 2. c4 d6 3. d4 cxd4 4. Qxd4 Nc6 5. Qc3 Nf6 6. Bd3 g6 7. h3 Bg7 8. Nf3
O-O 9. O-O Nxe4 10. Qe1 Nc5 11. Nc3 Nxd3 12. Qe2 Nxc1 13. Raxc1 e6 14. Rfd1 Bxc3
15. Rxc3 Qc7 16. Qd2 b6 17. Ng5 f6 18. Ne4 Bb7 19. Nxd6 Rad8 20. Rd3 Rd7 21. Qe2
1-0